[Event "4NCL/Div2/WGR3 vs. WES1"]
[Site "Birmingham ENG"]
[Date "2006.04.29"]
[Round "9.8"]
[White "Khoo, Selina"]
[Black "Maduekwe, Chiedu"]
[Result "1/2-1/2"]
[WhiteElo "1958"]
[BlackElo "2142"]
[PlyCount "78"]
[EventDate "2006.04.29"]
[EventType "team"]
[EventRounds "11"]
[EventCountry "ENG"]
[SourceDate "2006.04.29"]
[WhiteTeam "Wessex 1"]
[BlackTeam "Wood Green 3"]

1. e4 c6 2. d4 d5 3. Nc3 dxe4 4. Nxe4 Nd7 5. Nf3 Ngf6 6. Ng3 c5 7. c3 Qc7 8.
Be2 e6 9. O-O b6 10. Be3 Bd6 11. dxc5 Nxc5 12. Nd4 a6 13. Bf3 Bb7 14. Bxb7 Nxb7
15. Qa4+ Qd7 16. Qb3 b5 17. Bg5 Nc5 18. Qc2 Nd5 19. Rfe1 O-O 20. Rad1 Qc7 21.
Qe2 Rac8 22. Qg4 Rfe8 23. Nh5 f5 24. Qh4 Ne4 25. Bc1 Qf7 26. f3 Be7 27. Qh3 Ng5
28. Bxg5 Bxg5 29. g4 Be3+ 30. Kh1 f4 31. g5 g6 32. Nf6+ Nxf6 33. gxf6 Qxf6 34.
Nc2 Qf5 35. Qg2 Bc5 36. Qd2 Qh3 37. Qxf4 Bf2 38. Re2 Rcd8 39. Ra1 e5 1/2-1/2

[Event "4NCL/Div2/CAMB1 vs. GUI3"]
[Site "Birmingham ENG"]
[Date "2006.04.29"]
[Round "9.1"]
[White "Mah, Karl C C"]
[Black "Wallace, John P"]
[Result "0-1"]
[WhiteElo "2425"]
[BlackElo "2392"]
[PlyCount "62"]
[EventDate "2006.04.29"]
[EventType "team"]
[EventRounds "11"]
[EventCountry "ENG"]
[SourceDate "2006.04.29"]
[WhiteTeam "Cambridge U 1"]
[BlackTeam "Guildford-ADC 3"]

1. c4 e6 2. Nc3 d5 3. d4 c6 4. e3 Nd7 5. Qc2 Ngf6 6. Nf3 Bd6 7. b3 O-O 8. Be2
b6 9. O-O Bb7 10. e4 dxe4 11. Nxe4 Nxe4 12. Qxe4 Re8 13. Bb2 Qc7 14. Bd3 f5 15.
Qh4 Be7 16. Qg3 Qxg3 17. hxg3 Bf6 18. Rad1 c5 19. Bb1 Rad8 20. Rd2 Bxf3 21.
gxf3 cxd4 22. Bxd4 Ne5 23. Kg2 Nxf3 24. Kxf3 Rxd4 25. Rfd1 Red8 26. Rxd4 Rxd4
27. Rxd4 Bxd4 28. Ke2 a5 29. f3 a4 30. f4 Kf7 31. Bd3 Kf6 0-1

[Event "4NCL/Div2/CAMB1 vs. GUI3"]
[Site "Birmingham ENG"]
[Date "2006.04.29"]
[Round "9.2"]
[White "Buckley, Graeme"]
[Black "Dearing, Eddie"]
[Result "1-0"]
[WhiteElo "2398"]
[BlackElo "2418"]
[PlyCount "73"]
[EventDate "2006.04.29"]
[EventType "team"]
[EventRounds "11"]
[EventCountry "ENG"]
[SourceDate "2006.04.29"]
[WhiteTeam "Guildford-ADC 3"]
[BlackTeam "Cambridge U 1"]

1. d4 d5 2. c4 c6 3. Nf3 Nf6 4. Nc3 e6 5. e3 Nbd7 6. Qc2 Bd6 7. Be2 O-O 8. O-O
dxc4 9. Bxc4 b5 10. Be2 Bb7 11. Rd1 Qb8 12. e4 e5 13. Bg5 Re8 14. dxe5 Bxe5 15.
a3 Bf4 16. Bxf4 Qxf4 17. g3 Qb8 18. Nd4 a6 19. Nf5 Re6 20. Bf1 g6 21. Ne3 Qa7
22. Bg2 Rae8 23. Rac1 Ba8 24. b4 c5 25. bxc5 Qxc5 26. Qb3 Qa7 27. Ned5 Ne5 28.
a4 Neg4 29. Rc2 bxa4 30. Qxa4 Bxd5 31. Nxd5 Nxe4 32. Rf1 Re5 33. Rc7 Qb8 34.
Qd7 Rf5 35. Bxe4 Ne5 36. Ne7+ Kf8 37. Qd6 1-0

[Event "4NCL/Div2/CAMB1 vs. GUI3"]
[Site "Birmingham ENG"]
[Date "2006.04.29"]
[Round "9.3"]
[White "Pinter, Gabor"]
[Black "Povah, Nigel E"]
[Result "1-0"]
[WhiteElo "2353"]
[BlackElo "2353"]
[PlyCount "53"]
[EventDate "2006.04.29"]
[EventType "team"]
[EventRounds "11"]
[EventCountry "ENG"]
[SourceDate "2006.04.29"]
[WhiteTeam "Cambridge U 1"]
[BlackTeam "Guildford-ADC 3"]

1. e4 d5 2. exd5 Nf6 3. d4 Bg4 4. Be2 Bxe2 5. Qxe2 Qxd5 6. Nf3 e6 7. c4 Qf5 8.
Nc3 Nc6 9. O-O O-O-O 10. Be3 g5 11. Rfd1 Rg8 12. a3 Nh5 13. d5 Na5 14. dxe6
Rxd1+ 15. Rxd1 fxe6 16. Nd4 Qg6 17. b4 e5 18. Qg4+ Kb8 19. Nf3 Nc6 20. Nxe5 Qe8
21. Nxc6+ bxc6 22. Qd4 c5 23. Qd8+ Qxd8 24. Rxd8+ Kb7 25. Bxc5 Bxc5 26. Rxg8
Bd4 27. Rxg5 1-0

[Event "4NCL/Div2/CAMB1 vs. GUI3"]
[Site "Birmingham ENG"]
[Date "2006.04.29"]
[Round "9.4"]
[White "Muir, Andrew J"]
[Black "Moskovic, David M"]
[Result "1/2-1/2"]
[WhiteElo "2342"]
[BlackElo "2284"]
[PlyCount "113"]
[EventDate "2006.04.29"]
[EventType "team"]
[EventRounds "11"]
[EventCountry "ENG"]
[SourceDate "2006.04.29"]
[WhiteTeam "Guildford-ADC 3"]
[BlackTeam "Cambridge U 1"]

1. d4 d5 2. c4 c6 3. Nf3 Nf6 4. Nc3 a6 5. c5 Bg4 6. Qb3 Ra7 7. Ne5 Bf5 8. f3 e6
9. g4 Bg6 10. h4 h5 11. Nxg6 fxg6 12. Qc2 Kf7 13. Bg5 Be7 14. e3 Nbd7 15. Bd3
Nf8 16. O-O-O hxg4 17. fxg4 Nxg4 18. Rdf1+ Nf6 19. Ne2 b6 20. cxb6 Qxb6 21. Nf4
c5 22. Nxg6 Nxg6 23. Bxg6+ Kg8 24. Rhg1 Rc7 25. Kb1 cxd4 26. Qg2 dxe3 27. Bxf6
Bxf6 28. Rxf6 gxf6 29. Bf7+ Kxf7 30. Qg7+ Ke8 31. Qxh8+ Ke7 32. Rg7+ Kd6 33.
Qd8+ Kc6 34. Qa8+ Kb5 35. Qe8+ Rc6 36. Qg6 Qc5 37. Rb7+ Ka4 38. Qg4+ d4 39.
Qd1+ Ka5 40. b4+ Qxb4+ 41. Rxb4 Kxb4 42. Qb3+ Kc5 43. h5 Kd6 44. Qd3 Ke5 45. h6
Rc8 46. Qxa6 Rh8 47. Kc2 Rxh6 48. Kd3 Rh2 49. Qa5+ Kf4 50. Kxd4 e5+ 51. Kc5 Rd2
52. Qa6 f5 53. a4 e4 54. Qf1+ Rf2 55. Qh3 Ra2 56. Qh4+ Kf3 57. Qh3+ 1/2-1/2

[Event "4NCL/Div2/CAMB1 vs. GUI3"]
[Site "Birmingham ENG"]
[Date "2006.04.29"]
[Round "9.5"]
[White "Eckersley-Waites, Adam"]
[Black "Granat, Russell G"]
[Result "0-1"]
[WhiteElo "2138"]
[BlackElo "2262"]
[PlyCount "74"]
[EventDate "2006.04.29"]
[EventType "team"]
[EventRounds "11"]
[EventCountry "ENG"]
[SourceDate "2006.04.29"]
[WhiteTeam "Cambridge U 1"]
[BlackTeam "Guildford-ADC 3"]

1. e4 Nc6 2. Nf3 e5 3. Bb5 a6 4. Ba4 d6 5. O-O Nf6 6. Re1 Be7 7. c3 O-O 8. h3
Be6 9. d4 exd4 10. cxd4 d5 11. e5 Ne4 12. Bc2 f5 13. exf6 Bxf6 14. Nc3 Nxc3 15.
bxc3 Qd7 16. Ne5 Bxe5 17. dxe5 Rf7 18. Qh5 b6 19. Qh4 Re8 20. Bg5 Bf5 21. Bb3
Na5 22. Rad1 Nxb3 23. axb3 Bc2 24. Rd2 Bxb3 25. Bf6 a5 26. Re3 a4 27. Rg3 Qf5
28. f4 a3 29. Rg5 Rxf6 30. Rxf5 Rxf5 31. Qf2 Ra8 32. Qf1 a2 33. Qc1 Rxf4 34.
Rf2 Rxf2 35. Kxf2 Re8 36. c4 Bxc4 37. Ke3 Rc8 0-1

[Event "4NCL/Div2/CAMB1 vs. GUI3"]
[Site "Birmingham ENG"]
[Date "2006.04.29"]
[Round "9.6"]
[White "Jackson, Adrian"]
[Black "Garner, David"]
[Result "1-0"]
[WhiteElo "2226"]
[BlackElo "2191"]
[PlyCount "45"]
[EventDate "2006.04.29"]
[EventType "team"]
[EventRounds "11"]
[EventCountry "ENG"]
[SourceDate "2006.04.29"]
[WhiteTeam "Guildford-ADC 3"]
[BlackTeam "Cambridge U 1"]

1. e4 e6 2. d4 d5 3. Nc3 Bb4 4. e5 c5 5. a3 Bxc3+ 6. bxc3 Qc7 7. Qg4 f5 8. Qg3
Nc6 9. Nf3 b6 10. Bb5 Bb7 11. Ng5 Qe7 12. Nxe6 Qxe6 13. Qxg7 O-O-O 14. Qxh8 Qg6
15. Bxc6 Bxc6 16. O-O Rd7 17. e6 Rg7 18. g3 cxd4 19. cxd4 Kd8 20. Bf4 h6 21.
Bd6 Bb5 22. Rfe1 Bc4 23. Bf8 1-0

[Event "4NCL/Div2/CAMB1 vs. GUI3"]
[Site "Birmingham ENG"]
[Date "2006.04.29"]
[Round "9.7"]
[White "Churm, Rohan M"]
[Black "Anderton, Matthew N"]
[Result "1-0"]
[WhiteElo "2166"]
[BlackElo "2219"]
[PlyCount "81"]
[EventDate "2006.04.29"]
[EventType "team"]
[EventRounds "11"]
[EventCountry "ENG"]
[SourceDate "2006.04.29"]
[WhiteTeam "Cambridge U 1"]
[BlackTeam "Guildford-ADC 3"]

1. e4 e6 2. d4 d5 3. Nc3 Bb4 4. Bd3 dxe4 5. Bxe4 c5 6. a3 Ba5 7. Nge2 Nf6 8.
Bf3 cxd4 9. Qxd4 Qxd4 10. Nxd4 e5 11. Ndb5 Nc6 12. Be3 O-O 13. O-O-O Bg4 14.
Bxg4 Nxg4 15. Bc5 a6 16. f3 axb5 17. fxg4 Bxc3 18. Bxf8 Kxf8 19. bxc3 Rxa3 20.
Kb2 Ra4 21. h3 Na5 22. Rd8+ Ke7 23. Rhd1 Nc4+ 24. Kb1 Na3+ 25. Kc1 Nc4 26.
R1d7+ Ke6 27. Kd1 Ra7 28. Ke1 h6 29. Rd1 Ke7 30. R8d5 Ra5 31. Rd7+ Ke6 32. Rxb7
Ne3 33. Rb6+ Ke7 34. Rd2 Ra1+ 35. Kf2 Nd1+ 36. Kg3 Nxc3 37. Rd3 Ne4+ 38. Kh2
Nc5 39. Rd5 Na4 40. Rxe5+ Kd7 41. Rbxb5 1-0

[Event "4NCL/Div2/CAMB1 vs. GUI3"]
[Site "Birmingham ENG"]
[Date "2006.04.29"]
[Round "9.8"]
[White "Zickelbein, Eva-Maria"]
[Black "Pickard, Charles"]
[Result "1-0"]
[WhiteElo "2143"]
[BlackElo "2125"]
[PlyCount "82"]
[EventDate "2006.04.29"]
[EventType "team"]
[EventRounds "11"]
[EventCountry "ENG"]
[SourceDate "2006.04.29"]
[WhiteTeam "Guildford-ADC 3"]
[BlackTeam "Cambridge U 1"]

1. e4 c5 2. Nc3 Nc6 3. Bb5 g6 4. Bxc6 dxc6 5. d3 Bg7 6. Be3 Qa5 7. Nge2 Nf6 8.
O-O O-O 9. h3 Ne8 10. Qd2 Nd6 11. Bh6 Bxh6 12. Qxh6 c4 13. d4 f6 14. Rad1 Bd7
15. Ng3 Rad8 16. Rfe1 e5 17. Qe3 Nf7 18. f4 Bc8 19. dxe5 Rxd1 20. Rxd1 fxe5 21.
f5 Qb6 22. Qxb6 axb6 23. Na4 b5 24. Nb6 Kg7 25. Nxc8 Rxc8 26. Rd7 Rd8 27. Rxd8
Nxd8 28. Kf2 Kf6 29. Ke3 Nf7 30. h4 Nd6 31. fxg6 hxg6 32. Kf3 b4 33. Ne2 c5 34.
g4 g5 35. h5 Nb5 36. Ke3 Nc7 37. Ng3 Ne8 38. Nf5 Kf7 39. Kf3 Kf6 40. Ne3 Ke6
41. Nxc4 Nc7 1-0

[Event "4NCL/Div2/NWE2 vs. BRI1"]
[Site "Birmingham ENG"]
[Date "2006.04.29"]
[Round "9.1"]
[White "Littlewood, John E"]
[Black "Cobb, Charles"]
[Result "0-1"]
[WhiteElo "2258"]
[BlackElo "2404"]
[PlyCount "64"]
[EventDate "2006.04.29"]
[EventType "team"]
[EventRounds "11"]
[EventCountry "ENG"]
[SourceDate "2006.04.29"]
[WhiteTeam "N W Eagles 2"]
[BlackTeam "Bristol 1"]

1. e4 e6 2. d4 d5 3. Nd2 Nf6 4. e5 Nfd7 5. Ngf3 c5 6. c3 Nc6 7. Bd3 g5 8. dxc5
Bxc5 9. O-O g4 10. Ne1 Ndxe5 11. Be2 f5 12. b4 Be7 13. Nb3 O-O 14. f4 Nc4 15.
b5 Qb6+ 16. Kh1 Qxb5 17. Rb1 Qb6 18. Nc2 Qc7 19. Bxc4 dxc4 20. Nbd4 Nxd4 21.
Nxd4 Bf6 22. Be3 a6 23. a4 Bd7 24. a5 Rae8 25. Rb6 e5 26. Ne2 Bc6 27. Ng3 Bg7
28. fxe5 Qxe5 29. Bd4 Qd5 30. Qd2 f4 31. Rxc6 fxg3 32. Rcf6 Rxf6 0-1

[Event "4NCL/Div2/NWE2 vs. BRI1"]
[Site "Birmingham ENG"]
[Date "2006.04.29"]
[Round "9.2"]
[White "Beaumont, Chris"]
[Black "Hague, Ben"]
[Result "1/2-1/2"]
[WhiteElo "2329"]
[BlackElo "2300"]
[PlyCount "144"]
[EventDate "2006.04.29"]
[EventType "team"]
[EventRounds "11"]
[EventCountry "ENG"]
[SourceDate "2006.04.29"]
[WhiteTeam "Bristol 1"]
[BlackTeam "N W Eagles 2"]

1. e4 g6 2. d4 Bg7 3. Nc3 d6 4. Be3 a6 5. Qd2 b5 6. a4 b4 7. Nce2 a5 8. Ng3 Nd7
9. c3 bxc3 10. bxc3 h5 11. Bb5 Bb7 12. f3 c6 13. Bd3 Ba6 14. f4 e5 15. Nf3 h4
16. Ne2 h3 17. g3 Bxd3 18. Qxd3 Ngf6 19. O-O d5 20. fxe5 dxe4 21. Qc4 exf3 22.
exf6 Qxf6 23. Rae1 O-O 24. Nf4 Nb6 25. Qa2 Qf5 26. Qb1 Qxb1 27. Rxb1 Nxa4 28.
Rb3 c5 29. Nd5 Nxc3 30. Nxc3 cxd4 31. Bd2 dxc3 32. Bxc3 a4 33. Ra3 Bxc3 34.
Rxc3 a3 35. Ra1 Rfb8 36. Raxa3 Rxa3 37. Rxa3 Rb1+ 38. Kf2 Rb2+ 39. Kxf3 Rxh2
40. Kg4 Kg7 41. Ra7 Rh1 42. Rb7 g5 43. Ra7 Kg6 44. Ra6+ f6 45. Rb6 Kf7 46. Rb7+
Ke6 47. Rb6+ Ke5 48. Rb5+ Ke4 49. Rb4+ Kd3 50. Rb3+ Kc4 51. Rb2 Kd4 52. Rb5 h2
53. Kh3 g4+ 54. Kg2 Rc1 55. Kxh2 Rc2+ 56. Kg1 Ke4 57. Rb4+ Kf5 58. Rf4+ Kg5 59.
Rf1 f5 60. Rf4 Re2 61. Rf1 Kf6 62. Rf4 Ke5 63. Ra4 Rd2 64. Rf4 Rd4 65. Rf2 f4
66. Rxf4 Rxf4 67. gxf4+ Kxf4 68. Kf2 g3+ 69. Kg2 Kg4 70. Kg1 Kf3 71. Kf1 g2+
72. Kg1 Ke3 1/2-1/2

[Event "4NCL/Div2/NWE2 vs. BRI1"]
[Site "Birmingham ENG"]
[Date "2006.04.29"]
[Round "9.3"]
[White "Hulmes, David I"]
[Black "Buckley, David E"]
[Result "1/2-1/2"]
[WhiteElo "2206"]
[BlackElo "2246"]
[PlyCount "50"]
[EventDate "2006.04.29"]
[EventType "team"]
[EventRounds "11"]
[EventCountry "ENG"]
[SourceDate "2006.04.29"]
[WhiteTeam "N W Eagles 2"]
[BlackTeam "Bristol 1"]

1. e4 d6 2. d4 Nf6 3. Nc3 g6 4. f4 Bg7 5. Nf3 c5 6. dxc5 Qa5 7. Bd3 Qxc5 8. Qe2
O-O 9. Be3 Qb4 10. O-O Qxb2 11. Nb5 Ne8 12. e5 Qb4 13. Nxa7 Nc6 14. Rab1 Qa5
15. Nxc8 Rxc8 16. Rxb7 Qxa2 17. Bf2 dxe5 18. Nxe5 Nxe5 19. fxe5 Qe6 20. Re1 Nc7
21. Bc4 Qc6 22. Rb6 Qd7 23. e6 Nxe6 24. Rxe6 Rxc4 25. Qxc4 fxe6 1/2-1/2

[Event "4NCL/Div2/NWE2 vs. BRI1"]
[Site "Birmingham ENG"]
[Date "2006.04.29"]
[Round "9.4"]
[White "Rudd, Jack"]
[Black "Spence, David"]
[Result "1-0"]
[WhiteElo "2299"]
[BlackElo "2215"]
[PlyCount "65"]
[EventDate "2006.04.29"]
[EventType "team"]
[EventRounds "11"]
[EventCountry "ENG"]
[SourceDate "2006.04.29"]
[WhiteTeam "Bristol 1"]
[BlackTeam "N W Eagles 2"]

1. e4 e6 2. d4 d5 3. Nd2 Nf6 4. e5 Nfd7 5. f4 c5 6. c3 Nc6 7. Ndf3 Qb6 8. a3 a5
9. b3 Be7 10. Ra2 f6 11. Bd3 cxd4 12. cxd4 O-O 13. Rf2 Na7 14. Qc2 f5 15. Ne2
Nb5 16. a4 Na7 17. g4 Nc6 18. Bd2 Nb4 19. Bxb4 Bxb4+ 20. Kf1 Nb8 21. Rg1 Nc6
22. Rfg2 Qc7 23. gxf5 exf5 24. Nh4 Rf7 25. Bxf5 Kh8 26. e6 Bxe6 27. Bxe6 Rxf4+
28. Nxf4 Qxf4+ 29. Rf2 Qxh4 30. Rg4 Qh3+ 31. Kg1 Re8 32. Qf5 Qe3 33. Qf7 1-0

[Event "4NCL/Div2/NWE2 vs. BRI1"]
[Site "Birmingham ENG"]
[Date "2006.04.29"]
[Round "9.5"]
[White "Lyell, Mark"]
[Black "Collier, David O"]
[Result "1/2-1/2"]
[WhiteElo "2235"]
[BlackElo "2142"]
[PlyCount "159"]
[EventDate "2006.04.29"]
[EventType "team"]
[EventRounds "11"]
[EventCountry "ENG"]
[SourceDate "2006.04.29"]
[WhiteTeam "N W Eagles 2"]
[BlackTeam "Bristol 1"]

1. e4 e6 2. d4 d5 3. e5 b6 4. c3 Qd7 5. a4 a5 6. Nf3 Ne7 7. Na3 Ba6 8. Bxa6
Nxa6 9. O-O Nf5 10. Nc2 c5 11. Qe2 Be7 12. g4 Nh6 13. Bxh6 gxh6 14. Kh1 c4 15.
Qd2 Bf8 16. Ne3 Qe7 17. b3 cxb3 18. Rfb1 h5 19. Qd3 Bh6 20. Qb5+ Qd7 21. g5
Qxb5 22. axb5 Nc7 23. gxh6 a4 24. c4 Kd7 25. Nd2 Rhb8 26. Nxb3 axb3 27. Rxa8
Rxa8 28. Rxb3 dxc4 29. Nxc4 Nd5 30. Rf3 Ke7 31. Ne3 Nc7 32. d5 Nxd5 33. Nxd5+
exd5 34. Rf6 d4 35. Kg2 Rd8 36. Kf1 Rd5 37. Rxb6 Rxe5 38. Rb7+ Ke6 39. Rb8 d3
40. Rd8 Rxb5 41. Rxd3 h4 42. Kg2 Rh5 43. Ra3 f6 44. Kh3 Rxh6 45. Ra5 Rg6 46. f4
f5 47. Ra6+ Kf7 48. Ra7+ Kg8 49. Ra5 Rf6 50. Kxh4 h6 51. Kh5 Kg7 52. Ra7+ Kg8
53. Rb7 Kh8 54. h3 Kg8 55. Ra7 Kh8 56. Kh4 Kg8 57. Kg3 Rf7 58. Ra6 Kg7 59. Kh4
Rf6 60. Ra5 Kg6 61. Ra3 Rb6 62. Rg3+ Kh7 63. Kh5 Rc6 64. Ra3 Rf6 65. Ra7+ Kg8
66. Kh4 Rb6 67. Kh5 Rc6 68. Rb7 Rd6 69. Rb8+ Kg7 70. Rb7+ Kg8 71. Rb5 Rf6 72.
Rd5 Kg7 73. Rd7+ Kg8 74. Re7 Rc6 75. Kh4 Kf8 76. Re5 Rf6 77. Kg3 Kf7 78. Kf3
Kg6 79. Ke3 Rd6 80. Rc5 1/2-1/2

[Event "4NCL/Div2/NWE2 vs. BRI1"]
[Site "Birmingham ENG"]
[Date "2006.04.29"]
[Round "9.6"]
[White "Dilleigh, Stephen P"]
[Black "Savory, Richard J"]
[Result "1/2-1/2"]
[WhiteElo "2149"]
[BlackElo "2106"]
[PlyCount "47"]
[EventDate "2006.04.29"]
[EventType "team"]
[EventRounds "11"]
[EventCountry "ENG"]
[SourceDate "2006.04.29"]
[WhiteTeam "Bristol 1"]
[BlackTeam "N W Eagles 2"]

1. d4 d5 2. c4 e6 3. Nc3 Nf6 4. cxd5 exd5 5. Bg5 Be7 6. e3 O-O 7. Bd3 c6 8. Qc2
Nbd7 9. Nf3 Re8 10. O-O Nf8 11. Rae1 Ng6 12. h3 Ne4 13. Bxe7 Qxe7 14. Bxe4 dxe4
15. Nd2 f5 16. f3 exf3 17. Nxf3 Be6 18. e4 fxe4 19. Rxe4 Qd7 20. Rfe1 Bf7 21.
Ng5 Rxe4 22. Rxe4 Re8 23. Nxf7 Qxf7 24. Rxe8+ 1/2-1/2

[Event "4NCL/Div2/NWE2 vs. BRI1"]
[Site "Birmingham ENG"]
[Date "2006.04.29"]
[Round "9.7"]
[White "Mulligan, Stephen"]
[Black "Curtis, John"]
[Result "1-0"]
[WhiteElo "2169"]
[BlackElo "2126"]
[PlyCount "137"]
[EventDate "2006.04.29"]
[EventType "team"]
[EventRounds "11"]
[EventCountry "ENG"]
[SourceDate "2006.04.29"]
[WhiteTeam "N W Eagles 2"]
[BlackTeam "Bristol 1"]

1. e4 d6 2. d4 Nf6 3. Nc3 e5 4. Nf3 Nbd7 5. Bc4 Be7 6. O-O O-O 7. Re1 c6 8. a4
b6 9. d5 Bb7 10. h3 cxd5 11. Nxd5 Nxd5 12. Bxd5 Bxd5 13. Qxd5 Qc7 14. c3 Nf6
15. Qd3 Rfd8 16. c4 Nd7 17. b3 Nc5 18. Qc2 Ne6 19. Ra2 a5 20. Be3 Rac8 21. Rd1
Qc6 22. Qb1 h6 23. Rad2 Ng5 24. Rd5 Nxf3+ 25. gxf3 Rb8 26. Kh2 Kf8 27. Qd3 Ke8
28. Rg1 Bf6 29. Rd1 Be7 30. f4 Qc7 31. f5 Rd7 32. Bc1 Rbd8 33. Ba3 Qc6 34. f3
Qc7 35. f6 Bxf6 36. Bxd6 Qc6 37. Kg2 Be7 38. Bxe5 Rxd5 39. exd5 Qc5 40. Qe4 Kf8
41. Qd4 Qxd4 42. Rxd4 Bc5 43. Re4 Rd7 44. Kf1 Re7 45. Re2 Rd7 46. Ke1 f6 47.
Bg3 Kf7 48. Kd2 Kg6 49. Kd3 Kf5 50. Re4 h5 51. Be1 g5 52. Bc3 Rd6 53. Bd4 Bb4
54. Re6 Rxe6 55. dxe6 Kxe6 56. Bxb6 f5 57. Bd8 g4 58. hxg4 fxg4 59. fxg4 hxg4
60. Ke4 g3 61. Kf3 Ke5 62. Bb6 g2 63. Kxg2 Ke4 64. c5 Bxc5 65. Bxc5 Kd3 66. b4
axb4 67. a5 Kc4 68. a6 b3 69. Ba3 1-0

[Event "4NCL/Div2/NWE2 vs. BRI1"]
[Site "Birmingham ENG"]
[Date "2006.04.29"]
[Round "9.8"]
[White "James, Ann-Marie"]
[Black "Milligan, Helen"]
[Result "1/2-1/2"]
[WhiteElo "2082"]
[BlackElo "2053"]
[PlyCount "140"]
[EventDate "2006.04.29"]
[EventType "team"]
[EventRounds "11"]
[EventCountry "ENG"]
[SourceDate "2006.04.29"]
[WhiteTeam "Bristol 1"]
[BlackTeam "N W Eagles 2"]

1. e4 e5 2. Nc3 Nf6 3. Nf3 Nc6 4. a3 d6 5. d4 Bg4 6. d5 Nd4 7. Be2 Nxe2 8. Qxe2
Qd7 9. h3 Bxf3 10. Qxf3 Be7 11. Be3 c6 12. Rd1 c5 13. O-O O-O 14. Ne2 Ne8 15.
g4 Qd8 16. Ng3 g6 17. Bh6 Ng7 18. Qe3 Re8 19. Kg2 Bf6 20. Rh1 Bh4 21. Ne2 f6
22. Ng1 Bg5 23. Bxg5 fxg5 24. Nf3 h6 25. h4 Qd7 26. Rdg1 Qxg4+ 27. Kf1 Qf4 28.
hxg5 Qxe3 29. fxe3 h5 30. Ke2 Rf8 31. Rf1 Ne8 32. a4 b6 33. Nd2 Rd8 34. Nc4 Rd7
35. Na3 Rh7 36. a5 Rb7 37. axb6 axb6 38. Rxf8+ Kxf8 39. Nb5 Ke7 40. Rf1 Rd7 41.
Ra1 Nc7 42. Nxc7 Rxc7 43. Ra8 b5 44. Rg8 Kf7 45. Rh8 Rd7 46. c3 Kg7 47. Rb8 Rf7
48. Rxb5 h4 49. Ra5 h3 50. Ra1 Rb7 51. Rb1 h2 52. b4 cxb4 53. Kf2 Rf7+ 54. Kg2
bxc3 55. Rc1 Rc7 56. Rc2 Kf7 57. Kxh2 Ke7 58. Kg2 Rc4 59. Kf3 Kd7 60. Ke2 Rxe4
61. Rxc3 Rg4 62. Ra3 Rxg5 63. Ra7+ Kd8 64. Ra8+ Kc7 65. Kf3 Kb6 66. Rc8 Rf5+
67. Ke4 Rf6 68. Rc6+ Kb7 69. Rc1 Kb8 70. Rc2 Kb7 1/2-1/2

[Event "4NCL/Div2/WWKS1 vs. RICA"]
[Site "Birmingham ENG"]
[Date "2006.04.29"]
[Round "9.1"]
[White "Thomas, Nicholas"]
[Black "Wall, Gavin"]
[Result "1-0"]
[WhiteElo "2252"]
[BlackElo "2342"]
[PlyCount "55"]
[EventDate "2006.04.29"]
[EventType "team"]
[EventRounds "11"]
[EventCountry "ENG"]
[SourceDate "2006.04.29"]
[WhiteTeam "Warks Select 1"]
[BlackTeam "Richmond A"]

1. e4 e5 2. Bc4 Nf6 3. d4 exd4 4. Nf3 d6 5. Nxd4 Nxe4 6. Bxf7+ Kxf7 7. Qh5+ g6
8. Qd5+ Kg7 9. Qxe4 Qe7 10. Nc3 Qxe4+ 11. Nxe4 d5 12. Ng5 Bd6 13. Nb5 Re8+ 14.
Kf1 b6 15. Bd2 Ba6 16. c4 Be5 17. Re1 Nd7 18. f4 dxc4 19. fxe5 Bxb5 20. Bc3 Nc5
21. e6+ Kg8 22. h4 h6 23. h5 gxh5 24. Rxh5 Na4 25. Bf6 Rf8 26. Rxh6 Rxf6+ 27.
Rxf6 c3+ 28. Kf2 1-0

[Event "4NCL/Div2/WWKS1 vs. RICA"]
[Site "Birmingham ENG"]
[Date "2006.04.29"]
[Round "9.2"]
[White "Hinks-Edwards, Thomas"]
[Black "Mason, Don"]
[Result "1-0"]
[WhiteElo "2345"]
[BlackElo "2277"]
[PlyCount "107"]
[EventDate "2006.04.29"]
[EventType "team"]
[EventRounds "11"]
[EventCountry "ENG"]
[SourceDate "2006.04.29"]
[WhiteTeam "Richmond A"]
[BlackTeam "Warks Select 1"]

1. e4 c5 2. Nf3 Nc6 3. Bb5 g6 4. Bxc6 dxc6 5. d3 Bg7 6. h3 Nf6 7. Nc3 e5 8. Be3
Qd6 9. Qe2 O-O 10. a3 Nh5 11. O-O-O b5 12. g4 Nf4 13. Bxf4 exf4 14. e5 Qe6 15.
d4 b4 16. axb4 cxb4 17. Ne4 a5 18. Kb1 a4 19. Nc5 Qd5 20. Rhe1 Be6 21. Nxe6
fxe6 22. Ng5 a3 23. b3 a2+ 24. Ka1 h6 25. Nf3 c5 26. Qe4 Rfd8 27. Qxd5 Rxd5 28.
dxc5 Rxc5 29. Re2 Raa5 30. Rd8+ Kh7 31. Rd7 Kg8 32. Rd8+ Kh7 33. Rdd2 Rxe5 34.
Nxe5 Bxe5+ 35. Rxe5 Rxe5 36. Kxa2 f3 37. Rd3 Re2 38. Rxf3 Rxc2+ 39. Kb1 Rc6 40.
Rf4 Rb6 41. Kc2 Kg7 42. Kd3 e5 43. Rf3 Rc6 44. Ke4 Rc5 45. h4 Ra5 46. Rd3 Ra2
47. f3 Re2+ 48. Re3 Rxe3+ 49. Kxe3 Kf6 50. Kd3 h5 51. Kc4 Ke6 52. gxh5 gxh5 53.
Kxb4 Kf5 54. Kc5 1-0

[Event "4NCL/Div2/WWKS1 vs. RICA"]
[Site "Birmingham ENG"]
[Date "2006.04.29"]
[Round "9.3"]
[White "James, Russell A"]
[Black "Bates, Richard A"]
[Result "1/2-1/2"]
[WhiteElo "2230"]
[BlackElo "2383"]
[PlyCount "80"]
[EventDate "2006.04.29"]
[EventType "team"]
[EventRounds "11"]
[EventCountry "ENG"]
[SourceDate "2006.04.29"]
[WhiteTeam "Warks Select 1"]
[BlackTeam "Richmond A"]

1. d4 Nf6 2. Bg5 Ne4 3. Bf4 c5 4. f3 Qa5+ 5. c3 Nf6 6. d5 Qb6 7. e4 Qxb2 8. Nd2
Qxc3 9. Bc7 Qe3+ 10. Ne2 b5 11. a4 Na6 12. Bf4 Nb4 13. Qb1 Nd3+ 14. Kd1 Nxf4
15. axb5 Nxe2 16. Bxe2 g6 17. b6 Bh6 18. Nc4 Qd4+ 19. Kc2 O-O 20. bxa7 d6 21.
Qg1 Bd7 22. Qxd4 cxd4 23. Nb6 d3+ 24. Bxd3 Be3 25. Rhb1 Bxb6 26. Rxb6 Rfc8+ 27.
Kb2 Kg7 28. Rb7 Be8 29. Ba6 Rc5 30. Kb3 Bd7 31. Bd3 g5 32. Kb4 Rcc8 33. Ra3 e6
34. dxe6 Bxe6 35. Bb5 h5 36. Ka5 g4 37. Kb6 h4 38. Bc6 h3 39. gxh3 gxf3 40.
Rxf3 d5 1/2-1/2

[Event "4NCL/Div2/WWKS1 vs. RICA"]
[Site "Birmingham ENG"]
[Date "2006.04.29"]
[Round "9.4"]
[White "Bisby, Daniel L"]
[Black "Hynes, Anthony"]
[Result "1-0"]
[WhiteElo "2274"]
[BlackElo "2283"]
[PlyCount "99"]
[EventDate "2006.04.29"]
[EventType "team"]
[EventRounds "11"]
[EventCountry "ENG"]
[SourceDate "2006.04.29"]
[WhiteTeam "Richmond A"]
[BlackTeam "Warks Select 1"]

1. e4 e5 2. Nf3 Nc6 3. Bc4 Nf6 4. d3 Be7 5. O-O O-O 6. Re1 d6 7. a4 Na5 8. Ba2
c5 9. Nc3 Nc6 10. Bg5 Bg4 11. h3 Bh5 12. Bxf6 Bxf6 13. g4 Bg6 14. Nd5 Nb4 15.
Bc4 Nxd5 16. Bxd5 Qd7 17. a5 Rab8 18. Nd2 Bg5 19. Nc4 Kh8 20. a6 b5 21. Na5 Rb6
22. Qe2 f6 23. c4 Bf7 24. Bb7 Be6 25. Red1 Bh4 26. Rd2 b4 27. Bd5 Rxa6 28. Rdd1
g6 29. Nb3 Rxa1 30. Rxa1 Bxd5 31. cxd5 f5 32. f3 fxe4 33. dxe4 c4 34. Na5 c3
35. bxc3 bxc3 36. Nc6 Qf7 37. Rxa7 Qxf3 38. Qxf3 Rxf3 39. Rc7 Bf2+ 40. Kg2 Bc5
41. Kxf3 c2 42. Rc8+ Kg7 43. Rc7+ Kh6 44. h4 g5 45. Ne7 Kg7 46. Nf5+ Kf8 47.
Rc8+ Kf7 48. Nxd6+ Bxd6 49. Rxc2 gxh4 50. Rc6 1-0